Disaster management (Record no. 6267)
[ view plain ]
| 000 -LEADER | |
|---|---|
| fixed length control field | 00785 a2200205 4500 |
| 005 - DATE AND TIME OF LATEST TRANSACTION | |
| control field | 20080826171855.0 |
| 010 ## - LCCN (DPL NO) | |
| LC control number | ENG-87239 |
| 020 ## - INTERNATIONAL STANDARD BOOK NUMBER | |
| International Standard Book Number | 8176209065 |
| Terms of availability | 45000 |
| 035 ## - SYSTEM CONTROL NUMBER | |
| System control number | EN-70772 |
| 037 ## - SOURCE OF ACQUISITION | |
| Source of stock number/acquisition | DBAD / PUB |
| 082 ## - DEWEY DECIMAL CLASSIFICATION NUMBER | |
| Classification number | 363.34 |
| 100 ## - MAIN ENTRY--PERSONAL NAME | |
| Personal name | Murthy, D.B.N. |
| 245 ## - TITLE STATEMENT | |
| Title | Disaster management |
| Statement of responsibility, etc | by D.B.N. Murthy |
| Remainder of title | text and case studies |
| 260 ## - PUBLICATION, DISTRIBUTION, ETC. (IMPRINT) | |
| Place of publication, distribution, etc | New Delhi |
| Name of publisher, distributor, etc | Deep & Deep Publications |
| Date of publication, distribution, etc | 2007 |
| 270 ## - ADDRESS | |
| Address | F-159, Rajouri Garden |
| City | New Delhi |
| Postal code | 110 027 |
| 300 ## - PHYSICAL DESCRIPTION | |
| Extent | xi, 162p. |
| Dimensions | 24cm (Hb ) |
| 500 ## - GENERAL NOTE | |
| General note | Includes bibliographical references and index |
| 942 ## - ADDED ENTRY ELEMENTS (KOHA) | |
| Institution code [OBSOLETE] | dpl |
| Item type | English Books |
| Call number prefix | 363.34 / MUR |
| Source of classification or shelving scheme | Dewey Decimal Classification |
| Classification part | 363.34 |
| Call number suffix | MUR |
| Withdrawn status | Lost status | Not for loan | Home library | Current library | Date acquired | Cost, normal purchase price | Full call number | Barcode | Copy number | Cost, replacement price | Koha item type |
|---|---|---|---|---|---|---|---|---|---|---|---|
| D.B.Act.Division | D.B.Act.Division | 26/08/2008 | 450.00 | 363.34 MUR | EN-70772 | 1 | 450.00 | English Books |
